Loading...

Advertising

Bibliographic Details
Main Author: Daniel, Yadin
Other Authors: Frank, Jefkins
Format: Printed Book
Language:Undetermined
English
Published: New Delhi Pearson 2009
Edition:4th
Subjects:
LEADER 00652nam a2200217Ia 4500
008 140306s9999 xx 000 0 und d
020 |a 9788131703823 
041 |a eng 
082 |a 659 .1  |b FRA/AD 
100 |a Daniel, Yadin 
245 |a Advertising 
250 |a 4th 
260 |a New Delhi  |b Pearson  |c 2009 
300 |a 416 
365 |b Rs. 399/- 
650 |a Advertising and the marketing process 
650 |a advertising media 
700 |a Frank, Jefkins 
942 |2 ddc  |c BK 
999 |c 185626  |d 185626 
952 |0 0  |1 0  |2 ddc  |4 0  |6 659_000000000000000__1_FRA_AD  |7 0  |9 191518  |a KAUCBV  |b KAUCBV  |g 399.00  |l 1  |o 659 .1 FRA/AD  |r 2018-03-07  |s 2018-03-03  |w 2014-03-22  |y BK